000 00588cam a22001931 4500
003 OSt
005 20150327092951.0
008 750227s1971 xx 000 0 spa
010 _a 72213044
040 _cBMC
082 _a808.0687284
100 1 _aQuijada Urías, Alfonso
_932025
245 1 0 _aCuentos
_cAlfonso Quijada Urías
260 _aSan Salvador
_bDirección de Cultura, Dirección de Publicaciones
_c1971
300 _a1 folleto (39 p.)
_bil.
_c12 x 16 cm
490 _aColección Tekij
_aSonoro pez del bosque
650 2 4 _929639
_aCuentos salvadoreños
942 _2ddc
_cBK
999 _c18868
_d18868